Dichter im sarmatischen Exil
| Titel: | Dichter im sarmatischen Exil : Bobrowskis Kurzprosa "Mäusefest" im Lichte der Auseinandersetzung mit Paul Celan / Barbara Breysach |
|---|---|
| Verfasser: | |
| In: |
Zeit aus Schweigen, (2009), Seite 353-367 alle Artikel anzeigen |
| Veröffentlicht: | 2009 |
| Format: | Aufsatz |
| Sprache: | Deutsch |
X
alg: 22356701 001A $04504:26-05-10 001B $04504:13-05-24 $t21:28:53.000 001C $04504:26-05-10 $t13:12:46.000 001D $04504:26-05-10 001U $0utf8 001X $00 002@ $0Aou 003@ $0223567019 007A $0223567019 $aHEB 010@ $ager 011@ $a2009 021A $aDichter im sarmatischen Exil $dBobrowskis Kurzprosa "Mäusefest" im Lichte der Auseinandersetzung mit Paul Celan $hBarbara Breysach 028A $7 $8Breysach, Barbara [Tnd] $9146079272 031A $h353-367 $j2009 039B $aIn $8--Aau--. Zeit aus Schweigen. - München : Meidenbauer, 2009. - 451 Seiten. - Illustrationen, Diagramme, Karten, Notenbeispiele. - ISBN 978-3-89975-119-2 $x200900000000000647 $9219917744 044K $#Boehlendorff und Mäusefest $#Deutsch $#Boehlendorff und andere : Erzählungen $#DE-Mar1 $#Deutsch $#Belendorf i litovskie klaviry $#Russisch $#Boehlendorff et quelques autres $#Französisch $#Het muizenfeest en andere verhalen $#Niederländisch $#Bobrowski, Johannes $#093003943 $71121700721 $8Bobrowski, Johannes$Z1917-1965 [Tp1]$aBoehlendorff und andere Erzählungen [Tu1] $9396601006 044K $#Целан, Пауль $#策兰, 保罗 $#تسيلان, باول $#Celan, Pol $#Ṣelân, Paul $#Tsērān, Pauru $#Tseran, Pauru $#Tsīlān, Bāwl $#Tsīlān, Bāul $#Tselan, Pẚul $#Antschel, Pessach $#Antschel, Paul Pessach $#Ančel', Paul' $#Ce lan $#Celan $#Bao luo Ce lan $#Baoluo-Celan $#Celan, Baoluo $#Cēlans, Pauls $#Selân, Paul $#Antschel, Paul $#Anczel, Paul $#Ancel, Paul $#Celan, Paulʹ $#Celjan, Paulʹ $#Celanas, Paulis $#C̕elani, Paul $#Selān, Pol $#Tseran, Pauru $#А́нчел, Пауль $#Целан, Пауль $#צלאן, פאול $#ツェラン, パウル $#保罗·策兰 $7118519859 $8Celan, Paul$Z1920-1970 [Tp1] $9086860941 045V $aBobrowski, Johannes $818.14.00$jZu einzelnen Autoren [Tkx] $911884380X 045V $aCelan, Paul $818.14.00$jZu einzelnen Autoren [Tkx] $911884380X lok: 22356701 62 exp: 22356701 62 1 #EPN 201B/01 $026-05-10 $t22:56:38.000 203@/01 $0593369262 208@/01 $a26-05-10 $be 209A/01 $a/ $f000 $x00 209B/01 $a2010 $x05 247C/01 $8Frankfurt, Bibliographie der Deutschen Sprach- und Literaturwissenschaft $9113214561 201U/01 $0utf8 lok: 22356701 78 exp: 22356701 78 1 #EPN 201B/01 $011-07-22 $t15:12:19.000 201C/01 $011-07-22 201U/01 $0utf8 203@/01 $01206451815 208@/01 $a11-07-22 $be 209A/01 $a/ $f000 $x00 209A/01 $ab*p $x01 220C/01 $apgar 247C/01 $82080>Marburg/Lahn, Herder-Institut, Forschungsbibliothek, Bibliographieportal $9336309341
| LEADER | 00000caa a2200000 c 4500 | ||
|---|---|---|---|
| 001 | 223567019 | ||
| 003 | DE-603 | ||
| 005 | 20240513212853.0 | ||
| 007 | tu | ||
| 008 | 100526s2009 xx |||| | u00||u|ger c | ||
| 035 | |a (DE-599)HEB223567019 | ||
| 040 | |a DE-603 |b ger |c DE-603 |d DE-603 | ||
| 041 | |a ger | ||
| 100 | 1 | |a Breysach, Barbara |0 (DE-603)146079272 | |
| 245 | 0 | 0 | |a Dichter im sarmatischen Exil |b Bobrowskis Kurzprosa "Mäusefest" im Lichte der Auseinandersetzung mit Paul Celan |c Barbara Breysach |
| 264 | 0 | |c 2009 | |
| 600 | 1 | 7 | |a Bobrowski, Johannes |d 1917-1965 |t Boehlendorff und andere Erzählungen |0 (DE-588)1121700721 |0 (DE-603)396601006 |2 gnd |
| 600 | 1 | 7 | |a Celan, Paul |d 1920-1970 |0 (DE-588)118519859 |0 (DE-603)086860941 |2 gnd |
| 773 | 0 | 8 | |i In |t Zeit aus Schweigen |d München : Meidenbauer, 2009 |h 451 Seiten, Illustrationen, Diagramme, Karten, Notenbeispiele |z 9783899751192 |g (2009), Seite 353-367 |w (DE-603)219917744 |
| 924 | 0 | |9 603 |a (DE-603)593369262 |b DE-603 |c HES |d d | |
| 924 | 0 | |9 2080 |a (DE-603)1206451815 |b DE-2080 |c HES |d d |g / | |


